Пропуск в контексте

История и философия экономической науки: пособие к кандидатскому экзамену Учебное пособие

Учебное пособие предназначено для подготовки к сдаче кандидатского экзамена по философии и истории экономической науки. В пособии учтена специфика кандидатского экзамена соотнесены философская и экономическая тематика. Освещены понятие науки структура научного знания вопросы научной методологии. При...

Полное описание

Сохранить в:
Библиографические подробности
Главный автор: Бартенев С. А.
Формат: Учебное пособие
Редакция:1
Online-ссылка:https://znanium.com/catalog/document?id=375287
https://znanium.com/cover/1252/1252365.jpg
Метки: Добавить метку
Нет меток, Требуется 1-ая метка записи!
LEADER 03087nam0a2200337 i 4500
001 RU\infra-m\znanium\bibl\1252365
003 https://znanium.com/catalog/document?id=375287
005 20250403000000.0
010 |a 978-5-9776-0068-2 
010 |a 978-5-16-103693-8  |b электр. издание 
010 |a 978-5-16-011444-6  |b ISBN соиздателя 
100 |a 20250403d2021 m y0rusy0150 ca 
101 0 |a rus 
102 |a RU 
200 1 |a История и философия экономической науки: пособие к кандидатскому экзамену  |e Учебное пособие  |f Всероссийская академия внешней торговли Министерства экономического развития Российской Федерации 
205 |a 1 
210 1 |a Москва  |c Издательство "Магистр"  |d 2021 
215 |a 271 с. 
330 |a Учебное пособие предназначено для подготовки к сдаче кандидатского экзамена по философии и истории экономической науки. В пособии учтена специфика кандидатского экзамена соотнесены философская и экономическая тематика. Освещены понятие науки структура научного знания вопросы научной методологии. Применительно к экономическому профилю диссертацнонных исследований рассмотрены история науки (история экономических учений) и философские проблемы конкретной науки (философия экономики). Детально представлена технология подготовки диссертационного исследования по экономической тематике. 
333 |a ВО - Бакалавриат 
606 |a Экономика. Бухгалтерский учет. Финансы  |x Теория и история экономики  |2 local 
608 |a Учебное пособие  |2 local 
675 |a 330.8+[1:33](100)(079)  |z rus 
686 |a 65в.я.77-1+65.02я77-1  |2 rubbk 
686 |a 38.04.01  |2 okso 
686 |a 38.06.01  |2 okso 
686 |a 38.07.02  |2 okso 
700 1 |a Бартенев  |b С. А.  |g Сергей Александрович  |p Всероссийская академия внешней торговли Министерства экономического развития Российской Федерации 
801 0 |a RU  |b Общество с ограниченной ответственностью «ЗНАНИУМ»  |c 20210219  |2 rusmarc 
856 4 |a znanium.com  |m ebs_support@infra-m.ru  |n НИЦ ИНФРА-М  |u https://znanium.com/catalog/document?id=375287 
856 4 1 |a znanium.com  |d /cover/1252  |f 1252365.jpg  |q image/jpeg  |u https://znanium.com/cover/1252/1252365.jpg